| 000 | 00438cam a2200169ua 4500 | ||
|---|---|---|---|
| 020 | _c16.00 | ||
| 041 |
_aeng _h |
||
| 082 |
_a636 _bFRA/ AN |
||
| 100 | _aFraser, Allan . | ||
| 245 |
_aAnimal husbandry heresies , Part l, ll, lll / _cAllan Fraser. _hTextual Documents |
||
| 260 |
_aLondon : _bCrosby Lovekwood and son ltd , _c1960. |
||
| 300 | _a200 ; . | ||
| 365 | _a16.00 | ||
| 504 | _a | ||
| 942 | _cBK | ||
| 999 |
_c2195 _d2195 |
||